[Event "XVI Festival A"]
[Site "Trieste ITA"]
[Date "2014.09.02"]
[Round "5"]
[White "Franca, Veronika"]
[Black "Makka, Ioulia"]
[WhiteElo "1952"]
[BlackElo "2124"]
[Result "1-0"]
[PlyCount "85"]
[EventDate "2014.08.30"]

1. d4 Nf6 2. c4 e6 3. Nc3 Bb4 4. e3 O-O 5. Bd3 d5 6. cxd5 exd5 7. Bd2 Re8 8.
Nge2 Nbd7 9. O-O Nf8 10. Rc1 c6 11. f3 Ne6 12. a3 Ba5 13. Bb1 Bc7 14. Qc2 a6
15. Rfd1 Qd6 16. Ng3 g6 17. Be1 Ng7 18. e4 dxe4 19. fxe4 Bb6 20. Nce2 Bg4 21.
Bf2 Qe7 22. h3 Bxe2 23. Qxe2 h5 24. e5 Nh7 25. Qc4 Ne6 26. Ne4 Bc7 27. Rf1 Rad8
28. Ba2 Rd7 29. Be3 Qd8 30. b4 Ree7 31. Nc5 Nxc5 32. bxc5 Kg7 33. Rf3 Qe8 34.
Rcf1 Bd8 35. Bc1 b5 36. cxb6 Bxb6 37. Qxc6 Ba7 38. Rxf7+ Kh8 39. Qxg6 Rxf7 40.
Rxf7 Rxf7 41. Qxf7 Qb8 42. Kh1 Bb6 43. Bh6 1-0

[Event "XVI Festival A"]
[Site "Trieste ITA"]
[Date "2014.09.02"]
[Round "5"]
[White "Horvath, Csaba"]
[Black "Dvirnyy, Danyyil"]
[WhiteElo "2540"]
[BlackElo "2530"]
[Result "1-0"]
[PlyCount "77"]
[EventDate "2014.08.30"]

1. d4 Nf6 2. c4 e6 3. Nf3 d5 4. g3 dxc4 5. Bg2 c5 6. O-O Nc6 7. dxc5 Qxd1 8.
Rxd1 Bxc5 9. Nbd2 c3 10. bxc3 O-O 11. Nb3 Be7 12. c4 Bd7 13. Bb2 Rfd8 14. Nfd4
Rac8 15. Nb5 b6 16. Nd6 Rb8 17. Rd2 a5 18. Rad1 a4 19. Nb7 Rdc8 20. Bxf6 Bxf6
21. Rxd7 axb3 22. axb3 Na5 23. Nd6 Rd8 24. Nxf7 Rxd7 25. Rxd7 Nxb3 26. Bh3 Nc5
27. Rc7 Rf8 28. Nd6 Rb8 29. Rc6 Kf8 30. Nb5 Ke7 31. Rc7+ Kd8 32. Rf7 Rc8 33.
Rf8+ Kd7 34. Rf7+ Kd8 35. f4 Rc6 36. Bg2 Rc8 37. Rf8+ Kd7 38. Rf7+ Kd8 39. e4
1-0

[Event "XVI Festival A"]
[Site "Trieste ITA"]
[Date "2014.09.02"]
[Round "5"]
[White "Horvath, Jozsef"]
[Black "Kozul, Zdenko"]
[WhiteElo "2501"]
[BlackElo "2608"]
[Result "0-1"]
[PlyCount "116"]
[EventDate "2014.08.30"]

1. Nf3 Nf6 2. g3 g6 3. b3 Bg7 4. Bb2 c5 5. c4 d6 6. Bg2 e5 7. Nc3 O-O 8. O-O
Nc6 9. e3 Ne8 10. d3 f5 11. Nd2 Nf6 12. a3 Be6 13. Qe2 Qd7 14. Rab1 Rae8 15. b4
b6 16. Ba1 g5 17. Nd5 Bxd5 18. cxd5 Ne7 19. bxc5 bxc5 20. e4 f4 21. Nc4 Ng6 22.
Qb2 g4 23. Rfe1 f3 24. Bf1 h5 25. Qb7 Rf7 26. Qxd7 Rxd7 27. Rb3 Ne7 28. Reb1
Nc8 29. Rb7 Bf8 30. R7b3 Nb6 31. Nxb6 axb6 32. Rxb6 Ra8 33. Bxe5 Nxd5 34. exd5
dxe5 35. h3 Rxa3 36. hxg4 hxg4 37. Rg6+ Rg7 38. Re6 Ra4 39. Rxe5 Rd4 40. Rb8
Rf7 41. Re4 Kg7 42. Rbe8 Kg6 43. d6 Bg7 44. R4e6+ Rf6 45. Re5 Rf5 46. R5e6+ Bf6
47. Rg8+ Kf7 48. Ree8 Bg7 49. Ra8 Rxd6 50. Rgc8 Kg6 51. Ra7 Rg5 52. Rac7 Bd4
53. Rg8+ Kh6 54. Re8 Rb6 55. Ree7 Rb2 56. Rh7+ Kg6 57. Rh2 Rh5 58. Rxh5 Kxh5
0-1

[Event "XVI Festival A"]
[Site "Trieste ITA"]
[Date "2014.09.02"]
[Round "5"]
[White "Jovanic, Ognjen"]
[Black "Eggleston, David J."]
[WhiteElo "2461"]
[BlackElo "2398"]
[Result "1/2-1/2"]
[PlyCount "74"]
[EventDate "2014.08.30"]

1. d4 Nf6 2. c4 e6 3. Nf3 b6 4. a3 Bb7 5. Nc3 g6 6. Bg5 Bg7 7. e3 h6 8. Bh4 d6
9. Qc2 Nbd7 10. Bd3 g5 11. Bg3 Nh5 12. Be4 Nxg3 13. hxg3 c6 14. Bd3 g4 15. Nd2
a6 16. Rd1 d5 17. cxd5 cxd5 18. Ne2 h5 19. Nf4 Rc8 20. Qb1 h4 21. gxh4 Rxh4 22.
Rxh4 Qxh4 23. g3 Qg5 24. Rc1 Rxc1+ 25. Qxc1 Kd8 26. Be2 e5 27. dxe5 Qxe5 28. b3
Qb2 29. Qxb2 Bxb2 30. a4 Ne5 31. Nd3 Nxd3+ 32. Bxd3 Bc8 33. Nb1 Kc7 34. Kd2 Kd6
35. Nc3 Kc5 36. Kc2 Ba1 37. Ne2 Be5 1/2-1/2

[Event "XVI Festival A"]
[Site "Trieste ITA"]
[Date "2014.09.02"]
[Round "5"]
[White "Larmuseau, Maarten"]
[Black "Sepehrkhoui, Ardeshir"]
[WhiteElo "2236"]
[BlackElo "2134"]
[Result "1-0"]
[PlyCount "69"]
[EventDate "2014.08.30"]

1. e4 c5 2. c3 Nf6 3. e5 Nd5 4. d4 cxd4 5. cxd4 d6 6. Bc4 Nb6 7. Bb5+ Bd7 8.
Bxd7+ Qxd7 9. Nf3 d5 10. O-O e6 11. a4 a5 12. Nc3 Nc6 13. Nb5 h6 14. Ne1 Nc8
15. Qg4 g6 16. Nd3 b6 17. Be3 N8a7 18. Nc3 O-O-O 19. Na2 Kb7 20. Rfb1 Ka8 21.
b4 Be7 22. Qf3 Rdf8 23. bxa5 bxa5 24. Nc3 f6 25. exf6 Bxf6 26. Nc5 Qc8 27. Qg4
Re8 28. Nb5 Re7 29. Qxg6 Bg7 30. Nxe6 Rg8 31. Qf5 Nb4 32. Rxb4 axb4 33. Qxd5+
Nc6 34. Nec7+ Kb8 35. Qxc6 1-0

[Event "XVI Festival A"]
[Site "Trieste ITA"]
[Date "2014.09.02"]
[Round "5"]
[White "Larmuseau, Michiel"]
[Black "Markocic, Tine"]
[WhiteElo "2143"]
[BlackElo "1981"]
[Result "1-0"]
[PlyCount "97"]
[EventDate "2014.08.30"]

1. e4 c5 2. Nf3 e6 3. c3 Nf6 4. e5 Nd5 5. d4 cxd4 6. cxd4 d6 7. Bc4 Nb6 8. Bg5
Be7 9. Bxe7 Qxe7 10. Bb3 Nc6 11. O-O O-O 12. Nc3 dxe5 13. dxe5 Rd8 14. Qe2 Nb4
15. Ne4 Bd7 16. a3 N4d5 17. Bc2 Nf4 18. Qd2 Nbd5 19. Nd4 Bc6 20. Nxc6 bxc6 21.
Rfe1 Ng6 22. Qd4 Ndf4 23. Qc3 Nd5 24. Qg3 Qc7 25. Nd2 Qb6 26. Nc4 Qc5 27. b3
Ndf4 28. h4 Qd4 29. Rad1 Qxd1 30. Bxd1 Rxd1 31. Kf1 Rd3 32. Qg4 h5 33. Qg5 Rxb3
34. g3 Rc3 35. Nd6 Nd3 36. Re3 Rb8 37. Nxf7 Kxf7 38. Rf3+ Ndf4 39. Rxf4+ Nxf4
40. gxf4 c5 41. Qxh5+ Kg8 42. Qg6 Rb6 43. h5 Kf8 44. h6 gxh6 45. f5 exf5 46. e6
Rc1+ 47. Kg2 Rb7 48. Qf6+ Ke8 49. Qh8+ 1-0

[Event "XVI Festival A"]
[Site "Trieste ITA"]
[Date "2014.09.02"]
[Round "5"]
[White "Lodici, Lorenzo"]
[Black "Lyell, Mark"]
[WhiteElo "2150"]
[BlackElo "2202"]
[Result "1/2-1/2"]
[PlyCount "135"]
[EventDate "2014.08.30"]

1. d4 d5 2. c4 dxc4 3. Nf3 Nf6 4. e3 Bg4 5. Bxc4 e6 6. Nc3 Be7 7. h3 Bh5 8. g4
Bg6 9. Ne5 Nbd7 10. Nxg6 hxg6 11. e4 Nb6 12. Be2 Bb4 13. e5 Nfd5 14. Bd2 Qd7
15. a3 Bxc3 16. bxc3 Qc6 17. Bf3 Nc4 18. Qb3 a5 19. a4 Ra6 20. Be2 Nf4 21. Qb5
Nxe2 22. Qxc6+ Rxc6 23. Kxe2 Rb6 24. Rab1 Kd7 25. Rxb6 Nxb6 26. Kd3 c5 27. c4
Nxa4 28. Bxa5 b6 29. Bd2 cxd4 30. Kxd4 Kc6 31. Bg5 Nc5 32. Be7 Ra8 33. Bxc5
bxc5+ 34. Ke3 Ra3+ 35. Kd2 Rf3 36. Ke2 Rc3 37. Ra1 Rxc4 38. Ra7 Re4+ 39. Kd3
Rd4+ 40. Ke3 Rd7 41. Ra8 g5 42. Rg8 g6 43. f4 gxf4+ 44. Kxf4 Rd4+ 45. Kg5 Rd3
46. h4 Kd5 47. Rc8 c4 48. h5 gxh5 49. gxh5 Kxe5 50. Rxc4 Rg3+ 51. Kh4 Rg1 52.
Rc7 f5 53. h6 Kf6 54. h7 Rh1+ 55. Kg3 e5 56. Ra7 Kg5 57. Re7 Kf6 58. Ra7 f4+
59. Kg4 Rg1+ 60. Kf3 Rh1 61. Kg4 Ke6 62. Ra6+ Kf7 63. Ra7+ Kg6 64. Re7 Rg1+ 65.
Kf3 Rg3+ 66. Kf2 Rh3 67. Rxe5 Rxh7 68. Kf3 1/2-1/2

[Event "XVI Festival A"]
[Site "Trieste ITA"]
[Date "2014.09.02"]
[Round "5"]
[White "Moroni, Luca jr"]
[Black "Mazi, Leon"]
[WhiteElo "2344"]
[BlackElo "2361"]
[Result "1-0"]
[PlyCount "47"]
[EventDate "2014.08.30"]

1. Nf3 d5 2. g3 c6 3. Bg2 Bg4 4. O-O Nd7 5. c4 Ngf6 6. d4 e6 7. b3 Be7 8. Bb2
O-O 9. Nc3 Qa5 10. Ne5 Nxe5 11. dxe5 Ne8 12. Qd4 Bh5 13. cxd5 cxd5 14. e4 dxe4
15. Nxe4 Rd8 16. Qe3 Rd7 17. Rfc1 b6 18. a3 Bg6 19. b4 Qa6 20. Rd1 Rxd1+ 21.
Rxd1 Qa4 22. Rd2 h6 23. Nc3 Qa6 24. Rd7 1-0

[Event "XVI Festival A"]
[Site "Trieste ITA"]
[Date "2014.09.02"]
[Round "5"]
[White "Plenca, Jadranko"]
[Black "Sumets, Andrey"]
[WhiteElo "2184"]
[BlackElo "2622"]
[Result "1/2-1/2"]
[PlyCount "105"]
[EventDate "2014.08.30"]

1. e4 c5 2. Nf3 e6 3. g3 Nc6 4. Bg2 Nf6 5. Qe2 d6 6. O-O Be7 7. c3 O-O 8. d4 d5
9. exd5 exd5 10. Bg5 cxd4 11. Nxd4 Bg4 12. Qb5 Qd7 13. Qa4 h6 14. Bxf6 Bxf6 15.
Nxc6 bxc6 16. Nd2 Rfb8 17. Nb3 Be2 18. Rfe1 Bb5 19. Qa3 a5 20. Nd4 a4 21. Nxb5
Rxb5 22. b4 Rbb8 23. Rab1 Qg4 24. Rec1 Qe2 25. Rb2 Qe5 26. Rbb1 Qe2 27. Rb2 Qd3
28. Bf1 Qf5 29. Rbb1 Re8 30. b5 Be7 31. Qb2 Rab8 32. Qc2 Qf6 33. Qxa4 Bc5 34.
Qc2 cxb5 35. Rxb5 Rxb5 36. Bxb5 Rc8 37. Rd1 Bd4 38. Qd2 Bb6 39. Rc1 g5 40. a4
Rc5 41. Kg2 Ba5 42. Qe3 Rxc3 43. Rxc3 Bxc3 44. Qf3 Qe5 45. Bc6 d4 46. Bd5 Qe7
47. Qf5 Kg7 48. Bc4 Qf6 49. Qxf6+ Kxf6 50. Kf3 h5 51. h3 Ke7 52. g4 hxg4+ 53.
hxg4 1/2-1/2

[Event "XVI Festival A"]
[Site "Trieste ITA"]
[Date "2014.09.02"]
[Round "5"]
[White "Popchev, Milko"]
[Black "Kolesar, Milan"]
[WhiteElo "2240"]
[BlackElo "2166"]
[Result "1-0"]
[PlyCount "85"]
[EventDate "2014.08.30"]

1. g3 Nf6 2. Bg2 d5 3. c4 c6 4. Nf3 Bf5 5. O-O e6 6. b3 Be7 7. Bb2 O-O 8. d3 h6
9. Nbd2 Bh7 10. a3 a5 11. Rc1 Nbd7 12. Rc2 Bd6 13. Qa1 Qe7 14. Nh4 g5 15. Nhf3
e5 16. cxd5 cxd5 17. Rcc1 d4 18. Nc4 Bc5 19. a4 b6 20. Rfe1 Rac8 21. Nfd2 Qe6
22. Ba3 Nd5 23. Bxc5 Rxc5 24. Qb2 Nb4 25. Ne4 Bxe4 26. Bxe4 Rfc8 27. Rcd1 Nf6
28. Bg2 Nfd5 29. Qd2 f6 30. e3 dxe3 31. fxe3 R5c7 32. e4 Ne7 33. Qf2 Rd8 34.
Rf1 Kg7 35. Bh3 Qxh3 36. Qxf6+ Kg8 37. Nxe5 Nec6 38. Nf7 Rxf7 39. Qxf7+ Kh8 40.
Qg6 Rg8 41. Qd6 Rg7 42. Rf6 Kh7 43. Rdf1 1-0

[Event "XVI Festival A"]
[Site "Trieste ITA"]
[Date "2014.09.02"]
[Round "5"]
[White "Pregarac, Valter"]
[Black "Franciskovic, Borka"]
[WhiteElo "2150"]
[BlackElo "2318"]
[Result "1/2-1/2"]
[PlyCount "58"]
[EventDate "2014.08.30"]

1. d4 Nf6 2. c4 e6 3. Nc3 Bb4 4. e3 c5 5. Nf3 cxd4 6. exd4 d5 7. Bd3 dxc4 8.
Bxc4 Qc7 9. Qe2 O-O 10. O-O Bxc3 11. bxc3 Nbd7 12. Bb2 b6 13. Rac1 Bb7 14. Bb3
Ng4 15. Rfd1 Bxf3 16. Qxf3 Qxh2+ 17. Kf1 Ngf6 18. c4 Rac8 19. Re1 Rfd8 20. g3
Qh3+ 21. Kg1 Qg4 22. Qe3 Qf5 23. Kg2 h6 24. Bc3 Nf8 25. Bc2 Qg5 26. f4 Qg4 27.
Bd1 Qf5 28. Bc2 Qg4 29. Bd1 Qf5 1/2-1/2

[Event "XVI Festival A"]
[Site "Trieste ITA"]
[Date "2014.09.02"]
[Round "5"]
[White "Simoni, Giulio"]
[Black "Tagliaferri, Valerio"]
[WhiteElo "1845"]
[BlackElo "1909"]
[Result "1-0"]
[PlyCount "95"]
[EventDate "2014.08.30"]

1. e4 c5 2. Nf3 Nc6 3. d4 cxd4 4. Nxd4 e6 5. Nc3 a6 6. g3 d6 7. Bg2 Be7 8. O-O
Nf6 9. Nxc6 bxc6 10. e5 Nd5 11. exd6 Bxd6 12. Nxd5 cxd5 13. c4 O-O 14. cxd5 Rb8
15. dxe6 Bxe6 16. Qc2 Be5 17. Qe2 Qf6 18. Qxa6 Rfc8 19. a4 Bc4 20. Qxf6 Bxf6
21. Re1 Bxb2 22. Bxb2 Rxb2 23. Rec1 Rbb8 24. a5 Ba6 25. Rxc8+ Rxc8 26. Bf1 Ra8
27. Bxa6 Rxa6 28. Kf1 Kf8 29. Ke2 Ke7 30. Kd3 Kd6 31. Kc4 Kc6 32. Kb4 Kb7 33.
Re1 Rf6 34. f4 Ka6 35. Re7 Rf5 36. Rd7 Rb5+ 37. Kc4 Rf5 38. Kd4 g6 39. Ke4 h5
40. h3 Rf6 41. g4 hxg4 42. hxg4 Re6+ 43. Kf3 Rf6 44. g5 Rf5 45. Ke4 Rxa5 46.
Rxf7 Ra4+ 47. Ke5 Ra5+ 48. Kf6 1-0

[Event "XVI Festival A"]
[Site "Trieste ITA"]
[Date "2014.09.02"]
[Round "5"]
[White "Vesce, Emanuele"]
[Black "Ludovici, Roberto"]
[WhiteElo "1977"]
[BlackElo "1835"]
[Result "0-1"]
[PlyCount "56"]
[EventDate "2014.08.30"]

1. e4 e5 2. Nf3 Nc6 3. Bc4 Be7 4. d4 exd4 5. O-O d6 6. Nxd4 Nf6 7. Nc3 O-O 8.
h3 Nxd4 9. Qxd4 c6 10. Bb3 Qa5 11. Bf4 Rd8 12. Rad1 Ne8 13. Qe3 Be6 14. Rd4 b5
15. Bxe6 fxe6 16. Bg5 Bxg5 17. Qxg5 c5 18. b4 cxb4 19. Qxb5 Qxb5 20. Nxb5 a6
21. Rxb4 axb5 22. Rxb5 Rdc8 23. Rb2 Rc4 24. f3 Kf7 25. Kf2 Ra3 26. Rd1 Ke7 27.
Rd3 Rxc2+ 28. Rxc2 Rxd3 0-1

[Event "XVI Festival A"]
[Site "Trieste ITA"]
[Date "2014.09.02"]
[Round "5"]
[White "Viola, Enrico"]
[Black "Blasco, Domenico"]
[WhiteElo "1821"]
[BlackElo "1874"]
[Result "1-0"]
[PlyCount "95"]
[EventDate "2014.08.30"]

1. Nf3 g6 2. d4 Bg7 3. g3 c5 4. Bg2 cxd4 5. Nxd4 Nc6 6. Nb3 Nf6 7. O-O O-O 8.
N1d2 d6 9. Nf3 Bd7 10. c3 Qc7 11. Bg5 h6 12. Be3 Ng4 13. Bd2 e5 14. h3 Nf6 15.
Qc1 Kh7 16. Nh4 Qc8 17. Kh2 a5 18. Be3 a4 19. Nd2 g5 20. Nhf3 g4 21. Ng1 gxh3
22. Bxh3 Bxh3 23. Nxh3 Ng4+ 24. Kg2 Nxe3+ 25. fxe3 Qg4 26. Qc2+ f5 27. Nf3 Rf6
28. Nf2 Qg6 29. Nh4 Qf7 30. Ng4 Kh8 31. Nxf6 Bxf6 32. Qxf5 Kg7 33. Qg4+ Kh8 34.
Qf5 Kg7 35. Rf2 Ne7 36. Qd3 Qd5+ 37. Qxd5 Nxd5 38. Nf5+ Kg6 39. e4 Nb6 40. Rd1
a3 41. b3 Nd7 42. Rxd6 Nc5 43. Nh4+ Kg7 44. Rfxf6 Nxe4 45. Rg6+ Kf7 46. Rd7+
Kf8 47. Rxh6 Kg8 48. Ng6 1-0

[Event "XVI Festival A"]
[Site "Trieste ITA"]
[Date "2014.09.02"]
[Round "5"]
[White "Vovk, Andrey"]
[Black "Tratar, Marko"]
[WhiteElo "2614"]
[BlackElo "2490"]
[Result "1-0"]
[PlyCount "57"]
[EventDate "2014.08.30"]

1. e4 d5 2. exd5 Qxd5 3. Nc3 Qd8 4. d4 Nf6 5. Nf3 Bg4 6. h3 Bxf3 7. Qxf3 c6 8.
Be3 e6 9. O-O-O Bb4 10. Nb1 Nbd7 11. g4 Nd5 12. c4 Nxe3 13. fxe3 Qf6 14. Qg3
Qe7 15. h4 O-O 16. Bd3 c5 17. Qf3 Rab8 18. Bc2 b5 19. a3 Ba5 20. dxc5 Nxc5 21.
b4 bxc4 22. bxc5 Qxc5 23. Qe4 g6 24. Rd4 Qb5 25. h5 e5 26. hxg6 Qb2+ 27. Kd1
exd4 28. g7 Qxc2+ 29. Qxc2 1-0

[Event "XVI Festival A"]
[Site "Trieste ITA"]
[Date "2014.09.02"]
[Round "5"]
[White "Wallis, Christopher"]
[Black "Altini, Nicola"]
[WhiteElo "2348"]
[BlackElo "2413"]
[Result "1/2-1/2"]
[PlyCount "134"]
[EventDate "2014.08.30"]

1. d4 d5 2. c4 c6 3. Nf3 Nf6 4. Nc3 dxc4 5. a4 Bf5 6. Ne5 Na6 7. e3 Nb4 8. Bxc4
e6 9. O-O Bd6 10. Qe2 h6 11. e4 Bh7 12. Nd3 Nxd3 13. Bxd3 e5 14. dxe5 Bxe5 15.
f4 Bd4+ 16. Kh1 O-O 17. Rd1 Bg6 18. h3 Bxc3 19. bxc3 Bxe4 20. Bxe4 Nxe4 21.
Rxd8 Ng3+ 22. Kh2 Nxe2 23. Rd7 b5 24. axb5 Nxc1 25. Rxc1 cxb5 26. Ra1 a6 27.
Rd6 Rfc8 28. Raxa6 Rxa6 29. Rxa6 Rxc3 30. Rb6 Rb3 31. Rb8+ Kh7 32. g4 g5 33. f5
Kg7 34. Rb6 Rb1 35. Kg2 b4 36. Kh2 b3 37. Kg2 f6 38. Rb7+ Kf8 39. Rb6 Ke7 40.
Re6+ Kf7 41. Rb6 b2 42. Rb7+ Ke8 43. Kh2 Kd8 44. Kg2 Kc8 45. Rb3 Kc7 46. Rb5
Kc6 47. Rb8 Kc5 48. Rc8+ Kd4 49. Rd8+ Ke3 50. Re8+ Kf4 51. Rb8 Ke5 52. Rb5+ Kd6
53. Rb8 Kc6 54. Rb3 Kd5 55. Rb8 Kc4 56. Rc8+ Kd3 57. Rd8+ Kc3 58. Rc8+ Kd2 59.
Rd8+ Ke3 60. Re8+ Kf4 61. Rb8 Ke5 62. Rb5+ Kd6 63. Rb8 Kc7 64. Rb3 Kd7 65. Rb7+
Ke8 66. Rb8+ Kf7 67. Rb7+ Kg8 1/2-1/2

[Event "XVI Festival A"]
[Site "Trieste ITA"]
[Date "2014.09.02"]
[Round "5"]
[White "Zamar Kodelja, Jurij"]
[Black "Srebrnic, Vojko"]
[WhiteElo "2013"]
[BlackElo "2191"]
[Result "1-0"]
[PlyCount "111"]
[EventDate "2014.08.30"]

1. d4 g6 2. Nc3 d5 3. Bf4 c6 4. Nf3 Nf6 5. Qd2 Bg7 6. h3 Nbd7 7. Ne5 O-O 8. e3
Nxe5 9. Bxe5 Ne8 10. Bxg7 Nxg7 11. Be2 Qc7 12. Na4 e5 13. O-O-O Re8 14. Rhe1 a5
15. dxe5 Qxe5 16. Nb6 Ra7 17. Qd4 Qb8 18. Bf1 Ne6 19. Qa4 Qc7 20. Nxd5 Qd8 21.
Nf4 Qe7 22. Nxe6 Bxe6 23. Qf4 Raa8 24. Bc4 Bxc4 25. Qxc4 Qf6 26. Rd2 Re7 27.
Red1 Rae8 28. Qd4 Qg5 29. g3 h5 30. Qc3 Qf5 31. g4 Qe5 32. Qxe5 Rxe5 33. Rd7
hxg4 34. hxg4 R8e7 35. Rxe7 Rxe7 36. Rd4 Kg7 37. Kd2 Kf6 38. f4 Rc7 39. c4 b6
40. e4 Ke7 41. e5 b5 42. c5 Rc8 43. Rd6 Rh8 44. Rxc6 Rh2+ 45. Kc3 Rf2 46. Rf6
Rf3+ 47. Kd4 Rf2 48. Ra6 Rxf4+ 49. Kd5 Rf2 50. Ra7+ Ke8 51. Rxa5 Rxb2 52. c6
Kd8 53. Ra8+ Kc7 54. Ra7+ Kb8 55. Rxf7 Rxa2 56. Kc5 1-0

[Event "XVI Festival A"]
[Site "Trieste ITA"]
[Date "2014.09.02"]
[Round "5"]
[White "Zuttioni, Federico"]
[Black "Hrescak, Ivana"]
[WhiteElo "2096"]
[BlackElo "2020"]
[Result "0-1"]
[PlyCount "212"]
[EventDate "2014.08.30"]

1. e4 c5 2. Nf3 d6 3. g3 Nc6 4. Bg2 g6 5. O-O Bg7 6. d3 Nf6 7. c3 O-O 8. Re1 e5
9. Na3 d5 10. exd5 Nxd5 11. Nc4 Re8 12. a4 Bf5 13. Ng5 h6 14. Ne4 Bf8 15. Qb3
Nb6 16. Be3 Nxc4 17. dxc4 Na5 18. Qa2 Bxe4 19. Bxe4 Qc7 20. Bd5 Rad8 21. Rad1
Nc6 22. Qb1 Kh7 23. h4 b6 24. h5 Rd6 25. hxg6+ fxg6 26. Be4 Red8 27. Rd5 a5 28.
Kg2 Bg7 29. Rh1 Qe7 30. Qc1 Qf8 31. Rhd1 Qf6 32. Rh1 Qf8 33. Rhd1 Qf6 34. Qd2
Bf8 35. Rh1 Rxd5 36. cxd5 Ne7 37. Bg5 Qf7 38. Bxh6 Kg8 39. Bg5 Rd6 40. Bxe7
Qxe7 41. c4 Qf6 42. Qd3 Bg7 43. Rh4 Qg5 44. Qd1 Kf7 45. Rg4 Qh6 46. Qd3 Qh5 47.
Rh4 Qg5 48. Qe2 Bf8 49. Rh7+ Bg7 50. b3 Kg8 51. Rh4 Kf7 52. Rg4 Qh6 53. Bc2 Rf6
54. Qd3 Rd6 55. Qe4 Qh5 56. Qf3+ Ke8 57. Qe4 Kf7 58. Rh4 Qg5 59. Bd1 Qd2 60.
Bf3 Qc3 61. Qg4 Qxb3 62. Qc8 Qxa4 63. Bg4 Qe8 64. Qc7+ Qe7 65. Be6+ Kf6 66. Qc8
Qd8 67. Qa6 Qc7 68. Rh7 Qb8 69. Qb5 Qa8 70. Qa4 Rxe6 71. Qd1 Kf7 72. Qg4 Rd6
73. Qg5 Qd8 74. Qe3 Qf6 75. Rh4 Qf5 76. Re4 a4 77. g4 Qd7 78. Qa3 Rf6 79. Qc3
Qc7 80. Qa1 Qd7 81. Qb1 Qc7 82. Qa1 Qa7 83. f3 Rd6 84. Qa3 Qa5 85. Re2 Qb4 86.
Qa2 Rd8 87. Rb2 Qa5 88. Rb5 Qa6 89. Rb1 Rh8 90. Qd2 Rb8 91. Qc2 a3 92. Qa2 Bf6
93. Rd1 Qa4 94. Rd3 Ra8 95. d6 Qb4 96. Rd2 Bg5 97. Re2 Rd8 98. Qa1 Bf4 99. Qd1
Qxc4 100. Re4 Qe6 101. Ra4 Rxd6 102. Ra7+ Kf6 103. g5+ Kxg5 104. Qg1 Rd2+ 105.
Kf1+ Kf6 106. Ke1 Qb3 0-1

[Event "XVI Festival A"]
[Site "Trieste ITA"]
[Date "2014.09.03"]
[Round "6"]
[White "Altini, Nicola"]
[Black "Larmuseau, Maarten"]
[WhiteElo "2413"]
[BlackElo "2236"]
[Result "1/2-1/2"]
[PlyCount "119"]
[EventDate "2014.08.30"]

1. d4 Nf6 2. c4 e6 3. Nc3 Bb4 4. e3 O-O 5. Nge2 Re8 6. a3 Bf8 7. d5 d6 8. g3
Nbd7 9. Bg2 Ne5 10. b3 exd5 11. cxd5 Bg4 12. f4 Ned7 13. h3 Bxe2 14. Qxe2 Nc5
15. Qc2 Qe7 16. Bd2 g6 17. Rc1 Rac8 18. O-O Nce4 19. Nxe4 Nxe4 20. Bxe4 Qxe4
21. Qxe4 Rxe4 22. Kf2 c5 23. Kf3 Rce8 24. a4 f5 25. g4 Kf7 26. Rg1 Be7 27. Rc4
Bf6 28. Rgc1 b6 29. Rxe4 Rxe4 30. Rc4 Re8 31. e4 a6 32. exf5 gxf5 33. gxf5 Bd4
34. Rc1 Kf6 35. b4 Kxf5 36. bxc5 Bxc5 37. Rc4 b5 38. axb5 axb5 39. Rc2 Re4 40.
Rb2 Rd4 41. Ke2 b4 42. Rb3 Ke4 43. Rg3 Kxd5 44. Rg7 b3 45. Rb7 Ke4 46. f5 Rd5
47. f6 Rf5 48. f7 b2 49. Rxb2 Rf2+ 50. Ke1 Rxf7 51. Rb8 Kd3 52. Rb3+ Ke4 53.
Rb8 Kf3 54. Bg5 Kg3 55. h4 Kg4 56. Ke2 Bf2 57. Rb4+ Kh5 58. Rf4 Rxf4 59. Bxf4
Bc5 60. Bxd6 1/2-1/2

[Event "XVI Festival A"]
[Site "Trieste ITA"]
[Date "2014.09.03"]
[Round "6"]
[White "Curione, Francesco"]
[Black "Srebrnic, Vojko"]
[WhiteElo "2192"]
[BlackElo "2191"]
[Result "0-1"]
[PlyCount "76"]
[EventDate "2014.08.30"]

1. Nf3 c5 2. e4 e6 3. d3 Nc6 4. g3 g6 5. Bg2 Bg7 6. O-O Nge7 7. Re1 O-O 8. Nbd2
d5 9. c3 b6 10. e5 Ba6 11. Nf1 d4 12. c4 Bb7 13. h4 Qd7 14. h5 gxh5 15. Bf4 Ng6
16. Qd2 Rae8 17. Bh6 f6 18. Bxg7 Qxg7 19. exf6 Rxf6 20. Qg5 Nb4 21. Qxh5 Nc2
22. Ng5 Bxg2 23. Kxg2 Nxa1 24. Rxa1 h6 25. Nh3 Ref8 26. Kg1 Nf4 27. Nxf4 Rxf4
28. Re1 Rxf2 29. Qh3 R2f6 30. Nd2 Qg6 31. Ne4 Rf3 32. Kh2 Rxd3 33. Qh4 Re3 34.
Rxe3 dxe3 35. Nc3 Qc2+ 36. Kh3 Qf5+ 37. Kh2 Qf2+ 38. Kh3 Qf1+ 0-1

[Event "XVI Festival A"]
[Site "Trieste ITA"]
[Date "2014.09.03"]
[Round "6"]
[White "Dvirnyy, Danyyil"]
[Black "Plenca, Jadranko"]
[WhiteElo "2530"]
[BlackElo "2184"]
[Result "1/2-1/2"]
[PlyCount "79"]
[EventDate "2014.08.30"]

1. e4 e5 2. Nf3 Nc6 3. Bc4 Nf6 4. d3 Bc5 5. O-O O-O 6. Nbd2 d6 7. c3 a6 8. Bb3
Ba7 9. h3 Nh5 10. Nxe5 Nxe5 11. Qxh5 Nxd3 12. Nf3 Qf6 13. Bg5 Qg6 14. Qxg6 hxg6
15. Rad1 Nc5 16. Bc2 Be6 17. b3 Rfe8 18. Rfe1 f6 19. Bc1 Bf7 20. Nd4 Re7 21.
Kf1 Rae8 22. f3 Ne6 23. Ne2 g5 24. Ng3 Nf8 25. Nf5 Rd7 26. g3 Be6 27. Kg2 g6
28. Ne3 Bxe3 29. Bxe3 Rh7 30. Rh1 Nd7 31. Rh2 Kf7 32. Rdh1 Reh8 33. g4 Ne5 34.
Bf2 Ke7 35. Bg3 Kd7 36. h4 gxh4 37. Rxh4 Rxh4 38. Rxh4 Rxh4 39. Bxh4 g5 40. Bg3
1/2-1/2

[Event "XVI Festival A"]
[Site "Trieste ITA"]
[Date "2014.09.03"]
[Round "6"]
[White "Franciskovic, Borka"]
[Black "Barp, Alberto"]
[WhiteElo "2318"]
[BlackElo "2030"]
[Result "1-0"]
[PlyCount "55"]
[EventDate "2014.08.30"]

1. c4 e5 2. g3 Nf6 3. Bg2 Nc6 4. Nc3 Bb4 5. Nf3 O-O 6. O-O e4 7. Ng5 Bxc3 8.
bxc3 Re8 9. f3 exf3 10. Nxf3 Qe7 11. e3 d6 12. Nd4 Ne5 13. d3 Bg4 14. Qc2 c5
15. Nf5 Qd7 16. e4 Bxf5 17. Rxf5 b5 18. cxb5 c4 19. dxc4 Rac8 20. Bg5 Rxc4 21.
Bxf6 gxf6 22. Raf1 Qxb5 23. Rxf6 Qc5+ 24. Kh1 Rxc3 25. Qd2 Ng4 26. R6f5 Qe3 27.
Qd5 Rd8 28. Rg5+ 1-0

[Event "XVI Festival A"]
[Site "Trieste ITA"]
[Date "2014.09.03"]
[Round "6"]
[White "Heikkila, Antti"]
[Black "Tagliaferri, Valerio"]
[WhiteElo "1953"]
[BlackElo "1909"]
[Result "0-1"]
[PlyCount "57"]
[EventDate "2014.08.30"]

1. d4 c5 2. e3 g6 3. Nf3 Bg7 4. Be2 Nf6 5. c4 O-O 6. Nc3 cxd4 7. exd4 d5 8. O-O
dxc4 9. Bxc4 a6 10. Ne5 b5 11. Bb3 Bb7 12. Be3 Nc6 13. Rc1 Na5 14. a4 b4 15.
Ne2 Nd5 16. Bxd5 Qxd5 17. Nf4 Qd6 18. Rc5 Bxe5 19. dxe5 Qxd1 20. Rxd1 Nb3 21.
Rc7 Rfd8 22. Rxd8+ Rxd8 23. f3 g5 24. Rxb7 gxf4 25. Bxf4 Nd4 26. Rxb4 Ne2+ 27.
Kf1 Rd4 28. Rb8+ Kg7 29. Be3 0-1

[Event "XVI Festival A"]
[Site "Trieste ITA"]
[Date "2014.09.03"]
[Round "6"]
[White "Hrescak, Ivana"]
[Black "De Schampheleire, Glen"]
[WhiteElo "2020"]
[BlackElo "2307"]
[Result "0-1"]
[PlyCount "42"]
[EventDate "2014.08.30"]

1. d4 Nf6 2. c4 e6 3. Nc3 Bb4 4. e3 O-O 5. Nge2 Re8 6. a3 Bf8 7. e4 d5 8. e5
Nfd7 9. cxd5 exd5 10. Nxd5 c5 11. g3 cxd4 12. Bg2 Nxe5 13. O-O Bg4 14. f3 Nxf3+
15. Bxf3 Bxf3 16. Rxf3 Qxd5 17. Rd3 Nc6 18. Bf4 g5 19. Bc1 Ne5 20. Rb3 d3 21.
Nc3 Bc5+ 0-1

[Event "XVI Festival A"]
[Site "Trieste ITA"]
[Date "2014.09.03"]
[Round "6"]
[White "Kolesar, Milan"]
[Black "Franca, Veronika"]
[WhiteElo "2166"]
[BlackElo "1952"]
[Result "1/2-1/2"]
[PlyCount "108"]
[EventDate "2014.08.30"]

1. Nf3 Nf6 2. c4 e6 3. Nc3 d5 4. d4 Bb4 5. Bg5 O-O 6. e3 h6 7. Bh4 b6 8. Bd3
Nbd7 9. O-O Be7 10. Rc1 c5 11. Bg3 dxc4 12. Bxc4 Nh5 13. Be5 Bb7 14. d5 exd5
15. Bxd5 Qc8 16. h3 Nxe5 17. Nxe5 Nf6 18. Ng6 Re8 19. Bxb7 Qxb7 20. Qb3 Rad8
21. Rcd1 Bd6 22. Nh4 Bb8 23. Rxd8 Rxd8 24. Rd1 Qc7 25. g3 Rd7 26. Kg2 Qc6+ 27.
Nf3 c4 28. Qc2 b5 29. Rxd7 Nxd7 30. Qf5 Ne5 31. e4 Nxf3 32. Kxf3 a6 33. Nd5 Bd6
34. Ke2 Qe8 35. Kd2 Qe6 36. Qxe6 fxe6 37. Ne3 Bb4+ 38. Kc2 Be1 39. Nd1 Kf7 40.
g4 g5 41. a4 Kf6 42. axb5 axb5 43. f3 Ke5 44. Nc3 Kf4 45. Nxb5 Kxf3 46. Nd4+
Kxe4 47. Nxe6 Kf3 48. Nd4+ Kg3 49. Nf5+ Kxh3 50. Nxh6 Bb4 51. Nf5 Kxg4 52. Ne3+
Kf3 53. Nxc4 Be7 54. Kd3 Bb4 1/2-1/2